| 000 | 01343naa a22003497a 4500 | ||
|---|---|---|---|
| 001 | BR7405377 | ||
| 003 | BR-BrBNA | ||
| 005 | 20240918173614.0 | ||
| 007 | ta | ||
| 008 | 230509b bl.||||| |||| 00| 0 por d | ||
| 040 |
_aBR-BrBNA _bpor _cBiblioteca Nacional de Agricultura |
||
| 041 | _a(Pt) | ||
| 072 |
_aL30; L00 _b5214 _b3730 |
||
| 090 | _aL30 BR7405377 | ||
| 100 | 1 | _aFontes, C.A.A. | |
| 100 | 1 | _aCampos, J. | |
| 100 | 1 | _aSilva, J.F.C. da | |
| 111 | 1 |
_a11. Reuniao da Sociedade Brasileira de Zootecnia _cFortaleza, CE (Brazil) _d22 Jul 1974 |
|
| 245 | 1 | _aEfeitos de diferentes niveis em proteinas na dieta de vacas em lactacao sobre as producoes de leite e gordura, consumo de volumoso e peso vivo | |
| 260 | 3 |
_aFortaleza, CE (Brasil): _bUniversidade Federal do Ceara, _c1974. |
|
| 500 | _aAnais da 11. Reuniao da Sociedade Brasileira de Zootecnia Fortaleza, CE (Brasil): Universidade Federal do Ceara, 1974. p. 55-56 (BR7405377-AM)L30 | ||
| 650 | _aNutricao animal | ||
| 650 | _aProducao animal | ||
| 650 | _aGado leiteiro | ||
| 650 | _aProteina | ||
| 650 | _aLactacao | ||
| 650 | _aProducao leiteira | ||
| 650 | _aPeso | ||
| 773 | 0 |
_tAnais da 11. Reuniao da Sociedade Brasileira de Zootecnia _wL30 BR7405377 _gFortaleza, CE (Brasil), 1974. p. 55-56 |
|
| 909 |
_a202404 _bLucia _c55 _dLucia Elande |
||
| 942 |
_cAM _2AGRIS |
||
| 999 |
_c305713 _d305713 |
||